000
00295nam a2200133Ia 4500
999
_c
14142
_d
14142
003
OSt
008
260210s9999 xx 000 0 und d
020
_a
97875609460303
082
_a
747.857
100
_a
Hustp
245
0
_a
Vogue Design II: Restaurant
260
_b
Hustp
942
_c
BDES
_2
ddc